000 00766cam a22002411 4500
001 000013370
005 20200929163217.0
008 890915s1972 ag b 000 0 spa
010 _a73332334
035 _a(OCoLC)20349298
040 _aDO-SdBNP
_cAzTeS
_dDLC
042 _apremarc
050 0 0 _aHG4028.C4
_bG44
100 1 _aGeli, Alejandro C.
_930584
245 1 0 _aSistema estrategico de inversiones /
_c[por] Alejandro C. Geli [e] Isaac A. Senderovich.
260 _aBuenos Aires, :
_bEdiciones Macchi,
_c[1972].
300 _a152 p. ;
_c23 cm.
504 _aIncludes bibliographical references.
650 0 _aCapital investments.
_930585
700 1 _aSenderovich, I. A.,
_ejoint author.
_930586
910 _aCatalogación por copia / LC
910 _aDC
999 _c12996
_d12996